000 00384nam a2200169Ia 4500
001 25390
003 IN-NITTTR
005 20251114233322.0
008 251113s9999||||xx |||||||||||||| ||eng||
040 _beng
040 _cIN-NITTTR
041 _aeng
082 _a621 K96M
100 _aD.S.Kumar,
245 0 _aMechanical measurments and control /
_cD.S.Kumar
942 _2ddc
_cBK
999 _c28019
_d28019